000 00391nam a2200157Ia 4500
008 230312s9999||||xx |||||||||||||| ||und||
020 _a9788120329898
082 _a621.31
_bRAY-E
100 _aRay, Subir
245 0 _aElectrical Power Systems
260 _bPHI Learning
_aIndia
_c2008
300 _a646
546 _aEng.
650 _aEngineering
_vPower Systems,AC Circuits
942 _cBK
999 _c1524
_d1524